00811nam a2200205 i 450000100060000000300090000600500170001500700030003200800410003508000290007608000360010510000400014124501440018126000310032530000350035650001120039160000370050360000330054085200320057316425ES-MaACL20231226135800.0t|000919s1985 sp ||||1| spa d a929 Gayangos, Pascual de a929 Gayangos de Riaño, Emilia1 aCalderón Quijano, José Antonio.10aCorrespondencia de don Pascual de Gayangos y de su hija Emilia G. de Riaño en el Museo Británico / cJosé Antonio Calderón Quijano. aMadrid : b[s.n.], c1985. app. 218-306 : bil. ; c24 cm. aPublicado en el "Boletín de la Real Academia de La Historia". Tomo CLXXXII, cuaderno II, pags. 217 a 308.14aGayangos, Pascual de,d1809-189714aGayangos de Riaño, Emilia. aES-MaACLjG-2154 bR.113545